Centring Human Connections in the Education of Health Professionals (Record no. 21781)
[ view plain ]
| 000 -LEADER | |
|---|---|
| fixed length control field | 00624nam a2200121Ia 4500 |
| 008 - FIXED-LENGTH DATA ELEMENTS--GENERAL INFORMATION | |
| fixed length control field | 220620s9999||||xx |||||||||||||| ||und|| |
| 100 ## - MAIN ENTRY--PERSONAL NAME | |
| Personal name | Melrose, Sherri||Park, Caroline||Perry, Beth |
| 245 #0 - TITLE STATEMENT | |
| Title | Centring Human Connections in the Education of Health Professionals |
| 546 ## - LANGUAGE NOTE | |
| Language note | English[eng] |
| 650 ## - SUBJECT ADDED ENTRY--TOPICAL TERM | |
| Topical term or geographic name entry element | Pedagogy||health care||medical professionals||vocational books||above and beyond||caregivers||appreciative patients||nursing||learning||teaching||medical books||medicine||medical school |
| 856 ## - ELECTRONIC LOCATION AND ACCESS | |
| Uniform Resource Identifier | <a href="https://www.aupress.ca/books/120289-centring-human-connections-in-the-education-of-health-professionals/">https://www.aupress.ca/books/120289-centring-human-connections-in-the-education-of-health-professionals/</a> |
| 942 ## - ADDED ENTRY ELEMENTS (KOHA) | |
| Koha item type | E-Books |
| Withdrawn status | Lost status | Damaged status | Not for loan | Home library | Current library | Date acquired | Total Checkouts | Date last seen | Price effective from | Koha item type |
|---|---|---|---|---|---|---|---|---|---|---|
| Kerala University of Digital Sciences, Innovation and Technology Knowledge Centre | Kerala University of Digital Sciences, Innovation and Technology Knowledge Centre | 20/06/2022 | 20/06/2022 | 20/06/2022 | E-Books |